Optical communication systems / (Record no. 190855)

000 -LEADER
fixed length control field 00557 a2200193 4500
003 - CONTROL NUMBER IDENTIFIER
control field Nust
005 - DATE AND TIME OF LATEST TRANSACTION
control field 20170207153954.0
010 ## - LIBRARY OF CONGRESS CONTROL NUMBER
LC control number 83008694
020 ## - INTERNATIONAL STANDARD BOOK NUMBER
International Standard Book Number 0136380565 :
020 ## - INTERNATIONAL STANDARD BOOK NUMBER
International Standard Book Number 0136381561 (pbk.)
040 ## - CATALOGING SOURCE
Transcribing agency Nust
082 00 - DEWEY DECIMAL CLASSIFICATION NUMBER
Classification number 621.3827
100 1# - MAIN ENTRY--PERSONAL NAME
Personal name Gowar, John,
245 10 - TITLE STATEMENT
Title Optical communication systems /
Statement of responsibility, etc. John Gowar.
260 ## - PUBLICATION, DISTRIBUTION, ETC.
Place of publication, distribution, etc. Englewood Cliffs, NJ :
Name of publisher, distributor, etc. Prentice/Hall International,
Date of publication, distribution, etc. c1984.
300 ## - PHYSICAL DESCRIPTION
Extent xiv, 577 p. :
Other physical details ill. ;
Dimensions 24 cm.
440 #0 - SERIES STATEMENT/ADDED ENTRY--TITLE
Title Prentice-Hall international series in optoelectronics
650 #0 - SUBJECT ADDED ENTRY--TOPICAL TERM
Topical term or geographic name entry element Optical communications.
942 ## - ADDED ENTRY ELEMENTS (KOHA)
Source of classification or shelving scheme
Koha item type Book
Holdings
Withdrawn status Lost status Source of classification or shelving scheme Damaged status Not for loan Collection code Permanent Location Current Location Date acquired Total Checkouts Full call number Barcode Date last seen Price effective from Koha item type
            Military College of Signals (MCS) Military College of Signals (MCS) 12/12/2016   621.3827 JOH MCS21687 12/08/2016 12/12/2016 Book
© 2023 Central Library, National University of Sciences and Technology. All Rights Reserved.